000 00520nam a2200169Ia 4500
008 140609s9999 xx 000 0 und d
020 _a9789712726569
050 _aDS 675.8R6
_b.Sa59f 2012
100 _aSta. Maria, Felice Prudente.
245 4 _aThe foods of jose rizal /
_cFelice Prudente Sta. Maria,
260 _aManila, Philippines :
_bAnvil Publishing,
_cc2012.
300 _a172 p. :
_bill. ;
_c23 cm.
500 _aIncludes bibliographical references
521 _aGE
942 _kLOC
_cBK
999 _c118254
_d118254